| 000 | 00731nam a2200229 i 4500 | ||
|---|---|---|---|
| 001 | 106268 | ||
| 003 | ES-MaACL | ||
| 005 | 20241023120057.0 | ||
| 007 | t| | ||
| 008 | 061018s1985 sp ||||1| spa d | ||
| 080 | _a94(7/8)(089.3) | ||
| 100 | 1 |
_aPrat, José, _d1905-1994 _993665 |
|
| 245 | 1 | 0 |
_aMedio milenio del Nuevo Mundo / _cJosé Prat García. |
| 260 |
_aMadrid : _bEditora Nacional, _c[1985] |
||
| 300 |
_a243 p. ; _c22 cm. |
||
| 490 | 1 | _aCultura y sociedad. Ensayo y divulgación | |
| 651 | 4 |
_aAmérica- _vMisceláneas. _97705 |
|
| 830 | 0 |
_aCultura y sociedad. Ensayo y divulgación _9182841 |
|
| 852 |
_aES-MaACL _jL-10646 _bR.108620 |
||
| 852 |
_aES-MaACL _jL-8358 _bR.108621 |
||
| 999 |
_c106268 _d106268 |
||